| 000 | 01011nab a2200229 i 4500 | ||
|---|---|---|---|
| 001 | 768714001 | ||
| 003 | CO-MdFUSB | ||
| 005 | 20260316101304.0 | ||
| 008 | 230531s1987 us ||||| |||| 00| 0 eng d | ||
| 040 |
_bspa _aCO-MdFUSB _cCO-MdFUSB _dCO-MdFUSB |
||
| 041 | _aeng | ||
| 100 |
_aMcKinniss, Rick _eautor |
||
| 245 |
_aPreparing a congregation for death _c/ Rick McKinniss |
||
| 300 |
_aVolumen 8, número 3 (Summer 1987), páginas 64 - 69 _c; 27 cm. |
||
| 520 | _aLas congregaciones deben estar equipadas para enfrentar el trauma de la muerte con realismo y fe. Con la preparación adecuada, las congregaciones pueden descubrir que incluso nuestro enemigo final es incapaz de matar una fe viva o amortiguar un ministerio que da vida. | ||
| 546 | _aTexto en Inglés | ||
| 650 | 7 |
_91107 _a Mortalidad |
|
| 650 | 0 |
_91613 _aMuerte |
|
| 773 | 0 |
_068780 _981986 _oR2474 _tLeadership : _w(CO-MdFUSB)768714001 _gVolumen 8, número 3 (Summer 1987), páginas 64 - 69 _qpágina 64 |
|
| 942 | _cANA | ||
| 945 | _aJTF-925 | ||
| 999 |
_c68915 _d68915 |
||